El diseño de Clara Porset : (Record no. 12412)

MARC details
000 -CABECERA
campo de control de longitud fija 01061nam a2200277 4500
003 - IDENTIFICADOR DEL NÚMERO DE CONTROL
campo de control OSt
005 - FECHA Y HORA DE LA ÚLTIMA TRANSACCIÓN
campo de control 20260530113920.0
008 - DATOS DE LONGITUD FIJA--INFORMACIÓN GENERAL
campo de control de longitud fija 260520b2006 mx a|||| |||| 00| 0 spa d
020 ## - NÚMERO INTERNACIONAL ESTÁNDAR DEL LIBRO
Número Internacional Estándar del Libro 8475067417
040 ## - FUENTE DE LA CATALOGACIÓN
Centro catalogador/agencia de origen ICI
Lengua de catalogación spa
Centro/agencia transcriptor ICI
041 ## - CÓDIGO DE LENGUA
Código de lengua del texto/banda sonora o título independiente spa
050 #4 - SIGNATURA TOPOGRÁFICA DE LA BIBLIOTECA DEL CONGRESO
Número de clasificación NK2446.P67
Número de documento/Ítem A4 2006
100 1# - ENTRADA PRINCIPAL--NOMBRE DE PERSONA
Nombre de persona Porset, Clara,
Fechas asociadas al nombre 1895-1981,
Término indicativo de función/relación autor
9 (RLIN) 3389
245 13 - MENCIÓN DE TÍTULO
Título El diseño de Clara Porset :
Resto del título inventando un México moderno = Clara Porset's design : creating a modern Mexico
246 31 - FORMA VARIANTE DE TÍTULO
Título propio/Titulo breve Clara Porset's design : creating a modern mexico
264 #1 - PRODUCCIÓN, PUBLICACIÓN, DISTRIBUCIÓN, FABRICACIÓN Y COPYRIGHT
Producción, publicación, distribución, fabricación y copyright México :
Nombre del de productor, editor, distribuidor, fabricante Museo Franz Mayer,
Fecha de producción, publicación, distribución, fabricación o copyright 2006
300 ## - DESCRIPCIÓN FÍSICA
Extensión 181 páginas :
Otras características físicas ilustraciones (algunas a col.), retratos
336 ## - TIPO DE CONTENIDO
Fuente rdacontent
Término de tipo de contenido texto
337 ## - TIPO DE MEDIO
Fuente rdamedia
Nombre/término del tipo de medio sin medio
338 ## - TIPO DE SOPORTE
Fuente rdacarrier
Nombre/término del tipo de soporte volumen
500 ## - NOTA GENERAL
Nota general Coedición con: Difusión Cultural, Centro de Investigaciones de Diseño Industrial, UNAM : Turner
500 ## - NOTA GENERAL
Nota general Texto en español e inglés
600 10 - PUNTO DE ACCESO ADICIONAL DE MATERIA--NOMBRE DE PERSONA
Nombre de persona Porset, Clara,
Fechas asociadas al nombre 1895-1981
Subdivisión de forma Exposiciones
9 (RLIN) 3502
650 #0 - PUNTO DE ACCESO ADICIONAL DE MATERIA--TÉRMINO DE MATERIA
Término de materia o nombre geográfico como elemento de entrada Muebles
Subdivisión de forma Exposiciones
Subdivisión general Diseñadores
Subdivisión geográfica México
9 (RLIN) 34512
942 ## - ELEMENTOS DE PUNTO DE ACCESO ADICIONAL (KOHA)
Fuente del sistema de clasificación o colocación Library of Congress Classification
Suprimir en OPAC 1
Tipo de ítem Koha

No items available.